| 000 | 00497nam a2200181Ia 4500 | ||
|---|---|---|---|
| 008 | 131103s9999 xx 000 0 und d | ||
| 040 | _aLoreto College | ||
| 041 | _aEnglish | ||
| 082 |
_aMIS/MAR _bLCBED/7010 |
||
| 100 | _aMarshall, Eric | ||
| 245 |
_aChildren's letters to god _cEric Marshall and Stuart Hample |
||
| 260 |
_aNew york _bA division of simon & schuster _c1966 |
||
| 300 |
_a62p. _b 18cm. |
||
| 650 | _aMIS | ||
| 700 | _aHample, Stuart | ||
| 850 | _aLCBED/MIS/MAR | ||
| 942 | _cBK | ||
| 999 |
_c34029 _d84508 |
||